000 00306nam a2200121Ia 4500
005 20251222155146.0
008 251222s9999||||xx |||||||||||||| ||spa||
082 _aMAN.32
100 _aMinisterio de Salud.
245 0 _aNormas Rehidratación Oral Niños Enfermedad (*)
264 _bMinsa
942 _cLIB
999 _c39369
_d39369